LEADER 01324nam a2200313 i 4500 001 000000035091 003 CaOOAMICUS 005 20100212000000.0 008 100212s1989 it u000 u ita u 013 $a2964 020 $a88-342-4027-8 040 $aSeMil$bita 100 1 $aMilingo, Emmanuel .$0(OLS)http://semarc/name/16233 245 10$aContro Satana /$cEmmanuel Milingo ; prefazione di Renzo Allegri ; traduzione di Alessandra Barbieri. 250 $a3. ed. 260 $aGardolo di Trento :$bL. Reverdito,$c1989. 300 $a255 p., [16] p. di tav. :$bill. ;$c22 cm. 490 0 $aVita vissuta 650 4$aDemonio.$0(OLS)http://semarc/subject/6235 650 4$aDemonio - Concezione cristiana.$0(OLS)http://semarc/subject/6236 700 1 $aBarbieri, Alessandra.$0(OLS)http://semarc/name/16234 700 1 $aAllegri, Renzo,$d<1934- >.$0(OLS)http://semarc/name/4299 830 0$aVita vissuta.$0(OLS)http://semarc/title/7192 850 $aSeMil 852 $aSeMil$W1$xVenegono$y1$m2X I 389$j1246$B1246$CSeMilBibl$Z2$F1246 $81 961 $aOmaggio: Donazione 996 $6020$a88-342-4027-8$9(OLS)http://semarc/number/3135 996 $6245$aContro Satana$9(OLS)http://semarc/title/47818 996 $6260$aGardolo di Trento :$bL. Reverdito$9(OLS)http://semarc/publisher/35791 LEADER 01097nam a2200289 i 4500 001 000000126352 003 CaOOAMICUS 005 20051228000000.0 008 051228s1982 it u000 u ita u 013 $a99057 040 $aSeMil$bita 100 1 $aBandini Buti, Alberto.$0(OLS)http://semarc/name/52496 245 10$aNoi e l'energia /$cAlberto Bandini Buti. 260 $aMilano :$bRusconi,$c1982. 300 $a208 p. ;$c22 cm. 490 0 $aScienza e vita nuova 490 0 $aScienza e vita nuova. Le basi 500 $aContiene : Bibliografia. - Fondo Card. C.M. Martini. 650 4$aEnergia.$0(OLS)http://semarc/subject/6998 830 0$aScienza e vita nuova.$0(OLS)http://semarc/title/19994 830 0$aScienza e vita nuova. Le basi.$0(OLS)http://semarc/title/19995 850 $aSeMil 852 $aSeMil$W1$xVenegono$y1$m3X III 3$j80726$B80726$CSeMilBibl$Z2$F107532 $81 941 1 $a4 961 $aOmaggio: Martini Card. Carlo Maria 996 $6245$aNoi e l'energia$9(OLS)http://semarc/title/186253 996 $6260$aMilano :$bRusconi$9(OLS)http://semarc/publisher/30258